<?xml version="1.0" encoding="UTF-8"?><marc:collection xmlns:marc="http://www.loc.gov/MARC21/slim">
  <marc:record>
    <marc:leader>02196cam a2200469 c 4500</marc:leader>
    <marc:controlfield tag="001">050288628</marc:controlfield>
    <marc:controlfield tag="003">DE-603</marc:controlfield>
    <marc:controlfield tag="005">20210428081529.0</marc:controlfield>
    <marc:controlfield tag="007">tu</marc:controlfield>
    <marc:controlfield tag="008">961112s1978    xx ||||  m   u00| u|eng c</marc:controlfield>
    <marc:datafield tag="020" ind1=" " ind2=" ">
      <marc:subfield code="a">2827101424</marc:subfield>
    </marc:datafield>
    <marc:datafield tag="020" ind1=" " ind2=" ">
      <marc:subfield code="a">2827101432</marc:subfield>
    </marc:datafield>
    <marc:datafield tag="035" ind1=" " ind2=" ">
      <marc:subfield code="a">(DE-599)HEB050288628</marc:subfield>
    </marc:datafield>
    <marc:datafield tag="035" ind1=" " ind2=" ">
      <marc:subfield code="a">(DE-604)BV003591992</marc:subfield>
    </marc:datafield>
    <marc:datafield tag="035" ind1=" " ind2=" ">
      <marc:subfield code="a">(DE-603)233797629</marc:subfield>
    </marc:datafield>
    <marc:datafield tag="035" ind1=" " ind2=" ">
      <marc:subfield code="a">(OCoLC)05759164</marc:subfield>
    </marc:datafield>
    <marc:datafield tag="040" ind1=" " ind2=" ">
      <marc:subfield code="a">DE-603</marc:subfield>
      <marc:subfield code="b">ger</marc:subfield>
      <marc:subfield code="c">DE-603</marc:subfield>
      <marc:subfield code="d">DE-603</marc:subfield>
    </marc:datafield>
    <marc:datafield tag="041" ind1=" " ind2=" ">
      <marc:subfield code="a">eng</marc:subfield>
      <marc:subfield code="a">ger</marc:subfield>
    </marc:datafield>
    <marc:datafield tag="084" ind1=" " ind2=" ">
      <marc:subfield code="a">BO 2060</marc:subfield>
      <marc:subfield code="0">(DE-625)14087:</marc:subfield>
      <marc:subfield code="0">(DE-603)407466916</marc:subfield>
      <marc:subfield code="2">rvk</marc:subfield>
    </marc:datafield>
    <marc:datafield tag="084" ind1=" " ind2=" ">
      <marc:subfield code="a">BO 2370</marc:subfield>
      <marc:subfield code="0">(DE-625)14124:</marc:subfield>
      <marc:subfield code="0">(DE-603)407467289</marc:subfield>
      <marc:subfield code="2">rvk</marc:subfield>
    </marc:datafield>
    <marc:datafield tag="100" ind1="1" ind2=" ">
      <marc:subfield code="a">Coyle, John Kevin</marc:subfield>
      <marc:subfield code="d">1943-2010</marc:subfield>
      <marc:subfield code="e">Verfasser</marc:subfield>
      <marc:subfield code="4">aut</marc:subfield>
      <marc:subfield code="0">(DE-603)334077257</marc:subfield>
      <marc:subfield code="0">(DE-588)1044623934</marc:subfield>
      <marc:subfield code="2">gnd</marc:subfield>
    </marc:datafield>
    <marc:datafield tag="245" ind1="1" ind2="0">
      <marc:subfield code="a">Augustine's "De moribus Ecclesiae Catholicae"</marc:subfield>
      <marc:subfield code="b">a study of the work, its composition and its sources</marc:subfield>
      <marc:subfield code="c">John Kevin Coyle</marc:subfield>
    </marc:datafield>
    <marc:datafield tag="246" ind1="1" ind2="3">
      <marc:subfield code="a">De moribus Ecclesiae Catholicae</marc:subfield>
    </marc:datafield>
    <marc:datafield tag="264" ind1=" " ind2="1">
      <marc:subfield code="a">Fribourg, Switzerland</marc:subfield>
      <marc:subfield code="b">University Press</marc:subfield>
      <marc:subfield code="c">1978</marc:subfield>
    </marc:datafield>
    <marc:datafield tag="300" ind1=" " ind2=" ">
      <marc:subfield code="a">XXXVI, 466 Seiten</marc:subfield>
    </marc:datafield>
    <marc:datafield tag="336" ind1=" " ind2=" ">
      <marc:subfield code="a">Text</marc:subfield>
      <marc:subfield code="b">txt</marc:subfield>
      <marc:subfield code="2">rdacontent</marc:subfield>
    </marc:datafield>
    <marc:datafield tag="337" ind1=" " ind2=" ">
      <marc:subfield code="a">ohne Hilfsmittel zu benutzen</marc:subfield>
      <marc:subfield code="b">n</marc:subfield>
      <marc:subfield code="2">rdamedia</marc:subfield>
    </marc:datafield>
    <marc:datafield tag="338" ind1=" " ind2=" ">
      <marc:subfield code="a">Band</marc:subfield>
      <marc:subfield code="b">nc</marc:subfield>
      <marc:subfield code="2">rdacarrier</marc:subfield>
    </marc:datafield>
    <marc:datafield tag="490" ind1="1" ind2=" ">
      <marc:subfield code="a">Paradosis</marc:subfield>
      <marc:subfield code="v">25</marc:subfield>
    </marc:datafield>
    <marc:datafield tag="500" ind1=" " ind2=" ">
      <marc:subfield code="a">Literaturverzeichnis Seite XV - XXXVI</marc:subfield>
    </marc:datafield>
    <marc:datafield tag="500" ind1=" " ind2=" ">
      <marc:subfield code="a">Einheitssacht. des kommentierten Werkes: De moribus Ecclesiae Catholicae</marc:subfield>
    </marc:datafield>
    <marc:datafield tag="502" ind1=" " ind2=" ">
      <marc:subfield code="b">Dissertation</marc:subfield>
      <marc:subfield code="c">Universität Fribourg</marc:subfield>
      <marc:subfield code="d">1975</marc:subfield>
    </marc:datafield>
    <marc:datafield tag="600" ind1="1" ind2="7">
      <marc:subfield code="a">Augustinus, Aurelius</marc:subfield>
      <marc:subfield code="c">Heiliger</marc:subfield>
      <marc:subfield code="d">354-430</marc:subfield>
      <marc:subfield code="t">De moribus contra Manichaeos conscripti</marc:subfield>
      <marc:subfield code="p">De moribus ecclesiae catholicae</marc:subfield>
      <marc:subfield code="0">(DE-588)4349988-0</marc:subfield>
      <marc:subfield code="0">(DE-603)088213536</marc:subfield>
      <marc:subfield code="2">gnd</marc:subfield>
    </marc:datafield>
    <marc:datafield tag="600" ind1="1" ind2="7">
      <marc:subfield code="a">Augustinus, Aurelius</marc:subfield>
      <marc:subfield code="c">Heiliger</marc:subfield>
      <marc:subfield code="d">354-430</marc:subfield>
      <marc:subfield code="0">(DE-588)118505114</marc:subfield>
      <marc:subfield code="0">(DE-603)086846264</marc:subfield>
      <marc:subfield code="2">gnd</marc:subfield>
    </marc:datafield>
    <marc:datafield tag="655" ind1=" " ind2="7">
      <marc:subfield code="a">Hochschulschrift</marc:subfield>
      <marc:subfield code="0">(DE-588)4113937-9</marc:subfield>
      <marc:subfield code="0">(DE-603)085338818</marc:subfield>
      <marc:subfield code="2">gnd-content</marc:subfield>
    </marc:datafield>
    <marc:datafield tag="700" ind1="1" ind2=" ">
      <marc:subfield code="a">Augustinus, Aurelius</marc:subfield>
      <marc:subfield code="c">Heiliger</marc:subfield>
      <marc:subfield code="d">354-430</marc:subfield>
      <marc:subfield code="0">(DE-603)086846264</marc:subfield>
      <marc:subfield code="0">(DE-588)118505114</marc:subfield>
      <marc:subfield code="2">gnd</marc:subfield>
    </marc:datafield>
    <marc:datafield tag="830" ind1=" " ind2="0">
      <marc:subfield code="a">Paradosis</marc:subfield>
      <marc:subfield code="v">25</marc:subfield>
      <marc:subfield code="w">(DE-603)013354183</marc:subfield>
      <marc:subfield code="w">(DE-600)527177-0</marc:subfield>
      <marc:subfield code="w">(DE-599)ZDB527177-0</marc:subfield>
      <marc:subfield code="9">225</marc:subfield>
      <marc:subfield code="7">as</marc:subfield>
    </marc:datafield>
    <marc:datafield tag="924" ind1="0" ind2=" ">
      <marc:subfield code="9">30</marc:subfield>
      <marc:subfield code="a">(DE-603)612884740</marc:subfield>
      <marc:subfield code="b">DE-30</marc:subfield>
      <marc:subfield code="c">HES</marc:subfield>
      <marc:subfield code="d">c</marc:subfield>
      <marc:subfield code="g">11.430.91</marc:subfield>
    </marc:datafield>
    <marc:datafield tag="924" ind1="0" ind2=" ">
      <marc:subfield code="9">F 42</marc:subfield>
      <marc:subfield code="a">(DE-603)134022297</marc:subfield>
      <marc:subfield code="b">DE-F42</marc:subfield>
      <marc:subfield code="c">HES</marc:subfield>
      <marc:subfield code="d">c</marc:subfield>
      <marc:subfield code="g">Gc III 672, B25</marc:subfield>
    </marc:datafield>
    <marc:datafield tag="924" ind1="0" ind2=" ">
      <marc:subfield code="9">77/016</marc:subfield>
      <marc:subfield code="a">(DE-603)167099051</marc:subfield>
      <marc:subfield code="b">DE-77-016</marc:subfield>
      <marc:subfield code="c">HES</marc:subfield>
      <marc:subfield code="d">d</marc:subfield>
      <marc:subfield code="g">THEMAG H III 4,25</marc:subfield>
    </marc:datafield>
    <marc:datafield tag="924" ind1="0" ind2=" ">
      <marc:subfield code="9">26/111</marc:subfield>
      <marc:subfield code="a">(DE-603)1150569786</marc:subfield>
      <marc:subfield code="b">DE-26-111</marc:subfield>
      <marc:subfield code="c">HES</marc:subfield>
      <marc:subfield code="d">d</marc:subfield>
      <marc:subfield code="g">/</marc:subfield>
    </marc:datafield>
    <marc:datafield tag="924" ind1="0" ind2=" ">
      <marc:subfield code="9">4</marc:subfield>
      <marc:subfield code="a">(DE-603)105583243</marc:subfield>
      <marc:subfield code="b">DE-4</marc:subfield>
      <marc:subfield code="c">HES</marc:subfield>
      <marc:subfield code="d">c</marc:subfield>
      <marc:subfield code="g">X 79/119</marc:subfield>
    </marc:datafield>
  </marc:record>
</marc:collection>
